000
00288nam a22001337a 4500
020
_a
978-81-907826-5-4
082
_a
823
_b
CER/D
100
_a
CERVANTES, MIGUEL DE
245
_a
DON QUIXOTE
260
_a
DELHI
_b
MAPLE PRESS
_c
2008
300
_a
461
650
_a
NOVEL
_z
INDIA
942
_c
BK
999
_c
2998
_d
2998